Del tratado de Tordesillas a la doctrina de los derechos fundamentales en Francisco de Vitoria.

Sparad:
Bibliografiska uppgifter
Huvudupphovsman: Goti Ordeñana, Juan (autor)
Materialtyp: Bok
Publicerad: Valladolid, España: Universidad de Valladolid, 1999.
Serie:Derecho,
Ämnen:
Taggar: Lägg till en tagg
Inga taggar, Lägg till första taggen!

MARC

LEADER 00000cam a2200000 a 4500
001 UCC9975
003 CL-VaPUC
005 20220826121402.0
008 220624t1999 ||||| |||| 00| 0 eng d
999 |c 436347  |d 436345 
020 |a 84-7762-942-0 
040 |c Pontificia Universidad Católica de Valparaíso 
082 7 |a 341.481 GOT 1999  |2 22 
100 |a Goti Ordeñana, Juan  |e autor  |9 605286 
245 1 0 |a Del tratado de Tordesillas a la doctrina de los derechos fundamentales en Francisco de Vitoria.  
260 |a Valladolid, España:  |b Universidad de Valladolid,  |c 1999. 
300 |a 435 páginas. 
490 0 |a Derecho,  |n 39. 
500 |a c.1 Donación Familia Prof. Alejandro Guzmán Brito. 
583 |a last modification  |c 20191129 11:37:00  |k Cristina María Rojas Aguilar 
600 0 |a Vitoria, Francisco de,  |d 1486-1546  |x Pensamiento político  |9 519881 
650 |a Derechos humanos   |9 223025 
650 |a Tratado de Tordesillas  |9 514536 
942 |c BK  |2 ddc  |n 0 
952 |0 0  |1 0  |2 ddc  |4 0  |6 341_481000000000000_GOT_1999  |7 0  |8 C_AGB  |9 584058  |a BIBDER  |b BIBDER  |d 2022-06-24  |e Donación   |i 5652115  |o 341.481 GOT 1999  |p 5652115  |r 2023-01-25  |t 1  |w 2022-06-24  |y BK_US  |k AGB